[Event "Muensterland Verbandsliga Gr1 2223"]
[Site "Germany"]
[Date "2022.09.10"]
[Round "1.7"]
[White "Peters, Tobias1111"]
[Black "Pohlmeier, Ulrich"]
[Result "1-0"]
[WhiteElo "1612"]
[BlackElo "1620"]
[PlyCount "63"]
[EventDate "2022.09.10"]
[EventType "team-tourn"]
[EventRounds "5"]
[EventCountry "GER"]
[SourceTitle "EXT 2024"]
[Source "ChessBase"]
[SourceDate "2023.10.10"]
[SourceVersion "1"]
[SourceVersionDate "2023.10.10"]
[SourceQuality "1"]
[WhiteTeam "Emsdetten Rochade II"]
[BlackTeam "Rheine Klein Berlin II"]
[WhiteTeamCountry "GER"]
[BlackTeamCountry "GER"]

1. e4 e5 2. d4 exd4 3. Nf3 Nc6 4. c3 d6 5. Bc4 h6 6. Qb3 Qe7 7. 0-0 Ne5 8. Nxe5 dxe5 9. f4 c6 10. fxe5 Be6 11. Bxe6 fxe6 12. cxd4 0-0-0 13. Be3 Kb8 14. Nd2 h5 15. Nc4 Qb4 16. Rxf8 Qxf8 17. Nd6 Rxd6 18. exd6 Qxd6 19. Rf1 Qe7 20. Bf4+ Kc8 21. Qa4 a6 22. Qa5 Nh6 23. Qe5 Kd7 24. Qc7+ Ke8 25. Qc8+ Qd8 26. Qxe6+ Qe7 27. Qc8+ Qd8 28. Qxb7 Qxd4+ 29. Kh1 Qc4 30. Rd1 Qf7 31. Qc8+ Ke7 32. Bg5+ 1-0

[Event "Muensterland Verbandsklasse 2122"]
[Site "Germany"]
[Date "2021.11.06"]
[Round "2.6"]
[White "Roewekamp, Helmut"]
[Black "Pohlmeier, Ulrich"]
[Result "1/2-1/2"]
[WhiteElo "1625"]
[BlackElo "1635"]
[PlyCount "42"]
[EventDate "2021.09.25"]
[EventType "team-tourn"]
[EventRounds "2"]
[EventCountry "GER"]
[SourceTitle "EXT 2023"]
[Source "ChessBase"]
[SourceDate "2022.10.05"]
[SourceVersion "1"]
[SourceVersionDate "2022.10.05"]
[SourceQuality "1"]
[WhiteTeam "Reckenfeld"]
[BlackTeam "Rheine Klein Berlin II"]
[WhiteTeamCountry "GER"]
[BlackTeamCountry "GER"]

1. e4 e5 2. Nf3 d6 3. Bc4 Be6 4. Bb3 Nc6 5. c3 Nf6 6. d3 h6 7. Nbd2 Be7 8. Nf1 0-0 9. Ng3 Qd7 10. Bc2 Bg4 11. h3 Bxf3 12. Qxf3 Nh7 13. Nf5 Bg5 14. Qg4 Nf6 15. Qg3 Nh5 16. Qf3 Bxc1 17. Rxc1 Nf4 18. Qg4 Ne6 19. Bb3 Kh7 20. 0-0 g6 21. Nh4 Nc5 1/2-1/2

[Event "Muensterland Verbandsklasse 1920"]
[Site "Germany"]
[Date "2020.01.18"]
[Round "5.6"]
[White "Pohlmeier, Ulrich"]
[Black "Bienhuels, Michael"]
[Result "1-0"]
[WhiteElo "1589"]
[BlackElo "1658"]
[PlyCount "58"]
[EventDate "2019.09.14"]
[EventType "team-tourn"]
[EventRounds "7"]
[EventCountry "GER"]
[SourceTitle "EXT 2023"]
[Source "ChessBase"]
[SourceDate "2022.10.05"]
[SourceVersion "1"]
[SourceVersionDate "2022.10.05"]
[SourceQuality "1"]
[WhiteTeam "Rheine Klein Berlin II"]
[BlackTeam "Duelmen II"]
[WhiteTeamCountry "GER"]
[BlackTeamCountry "GER"]

1. d4 Nf6 2. c4 e6 3. g3 c5 4. Nf3 cxd4 5. Nxd4 Nc6 6. Bg2 Bc5 7. e3 a6 8. 0-0 0-0 9. a3 d5 10. cxd5 exd5 11. b4 Ba7 12. Nc3 Nxd4 13. exd4 Bg4 14. Qd3 h6 15. Bb2 Qd7 16. Rfe1 Rfe8 17. f3 Bf5 18. Qd2 Rac8 19. Kh1 Rxe1+ 20. Rxe1 Re8 21. Ne2 Qb5 22. Bf1 Qd7 23. Nf4 Re7 24. Bd3 Bxd3 25. Nxd3 Rxe1+ 26. Qxe1 Qf5 27. Qe2 h5 28. Kg2 Bb8 29. Bc1 Nh7 1-0

[Event "Muensterland Verbandsklasse 1617"]
[Site "Germany"]
[Date "2017.01.21"]
[Round "5.7"]
[White "Altgelt, Max"]
[Black "Pohlmeier, Ulrich"]
[Result "1/2-1/2"]
[WhiteElo "1703"]
[BlackElo "1588"]
[PlyCount "100"]
[EventDate "2016.09.24"]
[EventType "team"]
[EventRounds "9"]
[EventCountry "GER"]
[SourceTitle "EXT 2018"]
[Source "ChessBase"]
[SourceDate "2017.10.13"]
[SourceVersion "1"]
[SourceVersionDate "2017.10.13"]
[SourceQuality "1"]
[WhiteTeam "Muenster SK V"]
[BlackTeam "Rheine Klein Berlin II"]
[WhiteTeamCountry "GER"]
[BlackTeamCountry "GER"]

1. e4 d6 2. d4 g6 3. Nf3 Bg7 4. c4 Nf6 5. Nc3 0-0 6. Be2 Bg4 7. 0-0 c6 8. d5 Nbd7 9. h3 Bxf3 10. Bxf3 cxd5 11. cxd5 a6 12. Be3 b5 13. Rc1 Rc8 14. Be2 b4 15. Na4 Nxe4 16. Bxa6 Rxc1 17. Qxc1 Qa5 18. Bd3 Qxd5 19. Qc4 Qxc4 20. Bxc4 Nec5 21. Nxc5 Nxc5 22. Re1 e6 23. b3 Ra8 24. Re2 Ne4 25. Bd2 Nc3 26. Bxc3 bxc3 27. a4 d5 28. Bb5 d4 29. f3 Rd8 30. Bd3 Bh6 31. Rc2 f5 32. a5 Bf8 33. a6 Rd7 34. Bc4 Kf7 35. Bd3 Bc5 36. Kf1 Kf6 37. Re2 e5 38. Ke1 Ke6 39. Kd1 Kd6 40. Kc2 Re7 41. Re1 Kc6 42. Re2 Kb6 43. Re1 Re8 44. g4 fxg4 45. hxg4 Bd6 46. Rh1 Re7 47. Rb1 Rf7 48. Rf1 e4 49. Bxe4 Kxa6 50. Kd3 Be5 1/2-1/2

[Event "Muensterland Verbandsklasse-B 1112"]
[Site "Germany"]
[Date "2011.12.10"]
[Round "4.7"]
[White "Keller, Hansjuergen"]
[Black "Pohlmeier, Ulrich"]
[Result "1/2-1/2"]
[WhiteElo "1648"]
[BlackElo "1640"]
[PlyCount "30"]
[EventDate "2011.09.17"]
[EventType "team-tourn"]
[EventRounds "9"]
[EventCountry "GER"]
[SourceTitle "EXT 2013"]
[Source "ChessBase"]
[SourceDate "2012.11.22"]
[SourceVersion "1"]
[SourceVersionDate "2012.11.22"]
[SourceQuality "1"]
[WhiteTeam "Nordwalde"]
[BlackTeam "Rheine Klein Berlin II"]
[WhiteTeamCountry "GER"]
[BlackTeamCountry "GER"]

1. d4 Nf6 2. c4 g6 3. Nc3 Bg7 4. e4 d6 5. Nf3 0-0 6. Be2 Nbd7 7. 0-0 e5 8. dxe5 Nxe5 9. Nxe5 dxe5 10. Be3 b6 11. Qc2 c5 12. Nd5 Nxd5 13. cxd5 f5 14. f3 f4 15. Bf2 Qd6 1/2-1/2

[Event "Muensterland Verbandsklasse-B 1011"]
[Site "Germany"]
[Date "2010.12.11"]
[Round "4.8"]
[White "Pohlmeier, Ulrich"]
[Black "Koepplinger, Guenter"]
[Result "1/2-1/2"]
[WhiteElo "1652"]
[BlackElo "1627"]
[PlyCount "86"]
[EventDate "2010.09.18"]
[EventType "team-tourn"]
[EventRounds "9"]
[EventCountry "GER"]
[SourceTitle "EXT 2012"]
[Source "ChessBase"]
[SourceDate "2011.11.24"]
[SourceVersion "1"]
[SourceVersionDate "2011.11.24"]
[SourceQuality "1"]
[WhiteTeam "Rheine Klein Berlin II"]
[BlackTeam "Telgte"]
[WhiteTeamCountry "GER"]
[BlackTeamCountry "GER"]

1. d4 Nf6 2. c4 g6 3. Nf3 Bg7 4. Nc3 d6 5. e4 0-0 6. Bg5 Nbd7 7. Be2 c5 8. d5 Qa5 9. 0-0 a6 10. a4 h6 11. Bd2 Qc7 12. Qc2 b6 13. Rad1 Ne8 14. Nh4 Kh7 15. f4 e6 16. Qd3 e5 17. f5 Ndf6 18. Qg3 gxf5 19. Nxf5 Bxf5 20. Rxf5 Rg8 21. Rdf1 Bf8 22. Qh4 Rg6 23. Rxf6 Nxf6 24. Rf5 Bg7 25. Kh1 Ra7 26. g4 Ng8 27. Qf2 Qe7 28. Nd1 Bf6 29. h3 Bg5 30. Bxg5 hxg5 31. Ne3 Nh6 32. Rf3 Kg7 33. Qg2 Rf6 34. Nf5+ Nxf5 35. gxf5 Kf8 36. Qxg5 Ke8 37. h4 Kd7 38. h5 Qd8 39. Qg7 Ra8 40. Kg2 Qg8 41. Rg3 Qxg7 42. Rxg7 Rh8 43. Kg3 Ke7 1/2-1/2

[Event "Steinfurt Bezirk-ch"]
[Site "Rheine"]
[Date "2008.11.03"]
[Round "2"]
[White "Pohlmeier, Ulrich"]
[Black "Miethe, Christoph"]
[Result "1/2-1/2"]
[WhiteElo "1610"]
[BlackElo "1697"]
[PlyCount "99"]
[EventDate "2008.10.20"]
[EventType "swiss"]
[EventRounds "7"]
[EventCountry "GER"]
[SourceTitle "EXT 2010"]
[Source "ChessBase"]
[SourceDate "2010.11.25"]
[SourceVersion "1"]
[SourceVersionDate "2010.11.25"]
[SourceQuality "1"]

1. e4 e5 2. Nf3 f5 3. Nc3 Nc6 4. d3 d6 5. exf5 Bxf5 6. Bd2 Nf6 7. h3 Qd7 8. g4 Be6 9. Ng5 Be7 10. Nxe6 Qxe6 11. Bg2 h6 12. Nb5 Qd7 13. c3 a6 14. Na3 d5 15. Qb3 Na5 16. Qc2 Bxa3 17. c4 Nxc4 18. dxc4 Bf8 19. Qg6+ Qf7 20. Qxf7+ Kxf7 21. cxd5 Rd8 22. 0-0-0 Bc5 23. f4 e4 24. g5 e3 25. gxf6 exd2+ 26. Kxd2 Kxf6 27. Kc3 b5 28. b4 Bd6 29. Rhf1 Rhe8 30. a3 Re3+ 31. Rd3 Rde8 32. Bf3 Bxf4 33. Bh5 Rxd3+ 34. Kxd3 Re3+ 35. Kd4 Kg5 36. Rf3 Rxf3 37. Bxf3 Bc1 38. Bg4 Bxa3 39. Kc3 Kf4 40. Bc8 Ke5 41. Bxa6 Kxd5 42. Bxb5 g5 43. Be2 Ke4 44. Kc4 Kf5 45. b5 Bd6 46. Kd5 Bf4 47. Kc6 Kg6 48. b6 cxb6 49. Kxb6 h5 50. Kc6 1/2-1/2